| 000 | 01070nam2a2200229 4500 | ||
|---|---|---|---|
| 001 | RU\NLR\BIBL_A\011351823 | ||
| 005 | 20260408202412.0 | ||
| 035 | _a(NLR Aleph) 011351823 | ||
| 090 |
_a11249323 _c11249323 |
||
| 100 | _a20170322d2016 |||y0rusy50 ca | ||
| 101 | 0 | _arus | |
| 102 | _aRU | ||
| 200 | 1 | _aПо следам Ижевско-Воткинского восстания | |
| 210 |
_d2016 _aБ. м. |
||
| 461 | 0 |
_1001RU\NLR\Per\606536 _12001#$aИДНАКАР. Методы историко-культурной реконструкции$eнаучный журнал$v2016, № 3 (32) _93072373 _cИжевск _d2007 - _nАлексей Коробейников _oнаучный журнал _tИДНАКАР. Методы историко-культурной реконструкции _x1994-5698 _v2016, № 3 (32) |
|
| 606 |
_aИжевско-Воткинское восстание _jСборники _z1918 _92533398 _3RU\NLR\AUTH\661500454 |
||
| 686 | 1 | _aТ3(2)712-491я43 | |
| 852 |
_aNLR _jП22/8909 |
||
| 942 | _cISSUE | ||
| 980 | _aNB | ||
| 980 | _aRUSPER | ||